[Event "Subic op"]
[Site "Subic PHI"]
[Date "2009.05.26"]
[Round "2"]
[White "Yang, Kaiqi"]
[Black "Paragua, Mark"]
[Result "1-0"]
[WhiteElo "2413"]
[BlackElo "2529"]
[PlyCount "77"]
[EventDate "2009.05.25"]
[EventType "swiss"]
[EventRounds "9"]
[EventCountry "PHI"]
[Source "Mark Crowther"]
[SourceDate "2009.06.01"]

1. e4 c5 2. Nf3 d6 3. d4 cxd4 4. Nxd4 Nf6 5. Nc3 a6 6. Be2 e5 7. Nb3 Be7 8. Be3
Be6 9. Nd5 Nbd7 10. Qd3 Bxd5 11. exd5 O-O 12. g4 Nc5 13. Nxc5 dxc5 14. O-O-O
Bd6 15. g5 e4 16. Qd2 Nd7 17. h4 b5 18. h5 f5 19. gxf6 Qxf6 20. Kb1 b4 21. Bg4
Nb6 22. Be6+ Kh8 23. h6 g6 24. b3 a5 25. Rhe1 a4 26. Bg5 Qf3 27. Re3 Qxf2 28.
Qxf2 Rxf2 29. Rxe4 Raf8 30. Bh3 R2f3 31. Re6 Nc8 32. Bg4 Rg3 33. Re4 Ne7 34.
Bxe7 Bxe7 35. Rxe7 Rxg4 36. bxa4 Rd8 37. d6 Rf4 38. d7 Rff8 39. Rde1 1-0

[Event "Subic op"]
[Site "Subic PHI"]
[Date "2009.05.26"]
[Round "3"]
[White "Sandipan, Chanda"]
[Black "Yang, Kaiqi"]
[Result "1/2-1/2"]
[WhiteElo "2558"]
[BlackElo "2413"]
[PlyCount "137"]
[EventDate "2009.05.25"]
[EventType "swiss"]
[EventRounds "9"]
[EventCountry "PHI"]
[Source "Mark Crowther"]
[SourceDate "2009.06.01"]

1. e4 c5 2. Nf3 d6 3. d4 cxd4 4. Qxd4 a6 5. c4 Nc6 6. Qe3 g6 7. Be2 Bg7 8. O-O
Nf6 9. h3 O-O 10. Nc3 Rb8 11. Rd1 Bd7 12. c5 Re8 13. cxd6 exd6 14. Rxd6 Qe7 15.
Rd1 Nxe4 16. Nxe4 Qxe4 17. Qxe4 Rxe4 18. Bd3 Ree8 19. Bxg6 hxg6 20. Rxd7 Red8
21. Rxd8+ Rxd8 22. Bg5 Re8 23. Rb1 Re2 24. Bd2 Bd4 25. Nxd4 Rxd2 26. Nxc6 bxc6
27. a4 Rc2 28. b3 a5 29. Re1 Kg7 30. Re5 Rc3 31. Re3 Rc1+ 32. Kh2 Rc2 33. f3 f5
34. Re5 Rc3 35. Rxa5 Rxb3 36. Rc5 Ra3 37. a5 Kh6 38. Kg3 Kg5 39. Kf2 Ra2+ 40.
Ke3 Rxg2 41. Rxc6 Rh2 42. a6 Rxh3 43. a7 Rh8 44. Ra6 Ra8 45. Ra5 Kf6 46. f4 Kg7
47. Kd4 Kh6 48. Ke5 Kh5 49. Kf6 Rf8+ 50. Ke7 Ra8 51. Kf6 Rf8+ 52. Ke6 Ra8 53.
Ra1 Kg4 54. Ke5 Re8+ 55. Kf6 Ra8 56. Ra4 Kh5 57. Ra5 Rf8+ 58. Ke5 Re8+ 59. Kd4
Ra8 60. Ra6 Kg4 61. Ke5 g5 62. Rg6 Re8+ 63. Re6 Ra8 64. Re7 gxf4 65. Rg7+ Kf3
66. Kxf5 Rf8+ 67. Ke5 Ke3 68. Rb7 Ra8 69. Rb3+ 1/2-1/2

[Event "Subic op"]
[Site "Subic PHI"]
[Date "2009.05.27"]
[Round "4"]
[White "Ghaem Maghami, Ehsan"]
[Black "Yang, Kaiqi"]
[Result "1/2-1/2"]
[WhiteElo "2593"]
[BlackElo "2413"]
[PlyCount "159"]
[EventDate "2009.05.25"]
[EventType "swiss"]
[EventRounds "9"]
[EventCountry "PHI"]
[Source "Mark Crowther"]
[SourceDate "2009.06.01"]

1. c4 e6 2. Nf3 d5 3. d4 c5 4. cxd5 exd5 5. g3 Nc6 6. Bg2 Nf6 7. O-O Be7 8. Nc3
O-O 9. Bg5 cxd4 10. Nxd4 h6 11. Be3 Re8 12. Qa4 Bd7 13. Rad1 Nb4 14. Qb3 a5 15.
a4 Rc8 16. Nc2 Nxc2 17. Bb6 Bxa4 18. Nxa4 Qd6 19. Bxa5 Qa6 20. Bc3 b5 21. Qxc2
bxa4 22. Qd3 Qxd3 23. Rxd3 Ne4 24. Be5 Bf6 25. Bxf6 Nxf6 26. Rd2 Rb8 27. Ra1
Rb4 28. Ra2 Rc8 29. Bf3 g5 30. h3 Kg7 31. e3 Rc5 32. Bd1 Ne4 33. Rd3 Rcb5 34.
Bxa4 Rxb2 35. Rda3 Rb6 36. Bc2 Rxa2 37. Rxa2 Nc3 38. Ra3 d4 39. exd4 Ne2+ 40.
Kg2 Nxd4 41. Bd1 Ne6 42. Ra7 Rc6 43. Bg4 Rc7 44. Ra4 Rc5 45. Bxe6 fxe6 46. h4
Kg6 47. Re4 Kf5 48. Ra4 Kg6 49. Re4 Kf5 50. Rb4 Kg6 51. Kh3 Rf5 52. Rb2 Re5 53.
Rb4 Rf5 54. h5+ Kf6 55. Rb7 Rxf2 56. Rh7 Ra2 57. Rxh6+ Kf5 58. g4+ Kf4 59. Rf6+
Ke5 60. Rf7 Ra3+ 61. Kg2 Ra2+ 62. Kg3 Ra3+ 63. Rf3 Ra7 64. Rf2 Ra3+ 65. Rf3 Ra7
66. Rb3 Rc7 67. Re3+ Kf6 68. Re4 Rc3+ 69. Kf2 Ra3 70. Re3 Ra4 71. Rf3+ Kg7 72.
Kg3 Rb4 73. Rc3 Rb7 74. Rc6 Kf6 75. Rc3 Kg7 76. Rc6 Kf6 77. Rc8 Rb3+ 78. Kf2
Rb2+ 79. Kf3 Rb3+ 80. Kf2 1/2-1/2

[Event "Subic op"]
[Site "Subic PHI"]
[Date "2009.05.28"]
[Round "5"]
[White "Yang, Kaiqi"]
[Black "Rahman, Ziaur"]
[Result "0-1"]
[WhiteElo "2413"]
[BlackElo "2523"]
[PlyCount "78"]
[EventDate "2009.05.25"]
[EventType "swiss"]
[EventRounds "9"]
[EventCountry "PHI"]
[Source "Mark Crowther"]
[SourceDate "2009.06.01"]

1. e4 g6 2. d4 Bg7 3. Nc3 c6 4. Bc4 d6 5. Qf3 e6 6. Nge2 Nd7 7. Bf4 Qe7 8.
O-O-O e5 9. Bg3 h5 10. h3 h4 11. Bh2 Ngf6 12. Bb3 Nh5 13. Kb1 O-O 14. Qg4 Kh7
15. f4 Nc5 16. Qf3 Nxb3 17. axb3 f5 18. Rhe1 fxe4 19. Nxe4 Bh6 20. dxe5 dxe5
21. Rd6 a5 22. Qd3 exf4 23. Nd4 Qg7 24. Nc5 Rf6 25. Rd8 b6 26. Nce6 Qf7 27. Qe4
Bb7 28. Rxa8 Bxa8 29. Nf3 Qa7 30. Nxh4 c5 31. Qe5 Qd7 32. Nf3 Bxf3 33. gxf3 Rf5
34. Qe4 Nf6 35. Qe2 Nd5 36. h4 a4 37. bxa4 Qxa4 38. Qd3 Ne3 39. Re2 Rd5 0-1

[Event "Subic op"]
[Site "Subic PHI"]
[Date "2009.05.28"]
[Round "6"]
[White "Gao Rui"]
[Black "Yang, Kaiqi"]
[Result "0-1"]
[WhiteElo "2500"]
[BlackElo "2413"]
[PlyCount "108"]
[EventDate "2009.05.25"]
[EventType "swiss"]
[EventRounds "9"]
[EventCountry "PHI"]
[Source "Mark Crowther"]
[SourceDate "2009.06.01"]

1. e4 e5 2. Nf3 Nc6 3. Bb5 Nf6 4. O-O Nxe4 5. d4 Nd6 6. Bxc6 dxc6 7. dxe5 Nf5
8. Qxd8+ Kxd8 9. Nc3 Ke8 10. h3 h5 11. Rd1 Be7 12. Bg5 Be6 13. Ne4 Bd5 14. Re1
Rd8 15. b3 h4 16. c4 Bxe4 17. Bxe7 Kxe7 18. Rxe4 c5 19. Kh2 Rd3 20. Rf4 Rh5 21.
Re1 a5 22. Ree4 a4 23. bxa4 Ra3 24. Re2 Rxa4 25. g4 hxg3+ 26. fxg3 Nd4 27. Nxd4
cxd4 28. Rxd4 b5 29. Rg4 Rxc4 30. Rxc4 bxc4 31. g4 Rh6 32. Kg3 Ke6 33. h4 Kd5
34. g5 Rc6 35. h5 c3 36. Rc2 Kd4 37. Kf4 Kd3 38. Rc1 c2 39. Kf5 g6+ 40. hxg6
Rxg6 41. Rh1 Kd2 42. Rh2+ Kc3 43. Rh3+ Kb2 44. Rb3+ Kxa2 45. Rc3 Kb2 46. Rxc7
c1=Q 47. Rb7+ Kc2 48. Rxf7 Qxg5+ 49. Ke4 Qg2+ 50. Kd4 Qd2+ 51. Kc5 Qe3+ 52. Kd5
Qb3+ 53. Ke4 Qxf7 54. Kd4 Rg4+ 0-1

[Event "Asian Continental op"]
[Site "Subic Bay PHI"]
[Date "2009.05.14"]
[Round "2"]
[White "Yang, Kaiqi"]
[Black "Megaranto, Susanto"]
[Result "0-1"]
[WhiteElo "2413"]
[BlackElo "2553"]
[PlyCount "60"]
[EventDate "2009.05.13"]
[EventType "swiss"]
[EventRounds "11"]
[EventCountry "PHI"]
[Source "Mark Crowther"]
[SourceDate "2009.05.18"]

1. e4 e5 2. Nf3 Nc6 3. Bc4 Bc5 4. b4 Bxb4 5. c3 Bd6 6. d4 Nf6 7. O-O O-O 8. Re1
h6 9. Nbd2 Re8 10. Qb3 Re7 11. Bd3 b5 12. Bxb5 Rb8 13. Qa4 a6 14. Bxc6 dxc6 15.
Nc4 exd4 16. e5 Bc5 17. exf6 Rxe1+ 18. Nxe1 Qxf6 19. Nd3 Ba7 20. Nce5 dxc3 21.
Be3 Bxe3 22. fxe3 Rb5 23. Rc1 Bf5 24. Qd4 c2 25. e4 Rb1 26. Qf2 Qxe5 27. exf5
Qe4 28. Qf1 Qe3+ 29. Kh1 Qxd3 30. Qe1 Rxc1 0-1

[Event "Asian Continental op"]
[Site "Subic Bay PHI"]
[Date "2009.05.15"]
[Round "3"]
[White "Elorta, David"]
[Black "Yang, Kaiqi"]
[Result "1-0"]
[WhiteElo "2372"]
[BlackElo "2413"]
[PlyCount "51"]
[EventDate "2009.05.13"]
[EventType "swiss"]
[EventRounds "11"]
[EventCountry "PHI"]
[Source "Mark Crowther"]
[SourceDate "2009.05.18"]

1. Nf3 Nf6 2. d4 g6 3. h4 Bg7 4. Bf4 c5 5. c3 d5 6. e3 Nc6 7. Nbd2 O-O 8. a3
Ng4 9. Be2 e5 10. dxe5 Ngxe5 11. O-O Re8 12. h5 Bf5 13. Nxe5 Nxe5 14. Nf3 Nxf3+
15. Bxf3 Be4 16. Bxe4 Rxe4 17. Qd3 Qd7 18. Rfd1 Rd8 19. Rd2 c4 20. Qc2 gxh5 21.
Rad1 Qe6 22. Qa4 h4 23. Qxa7 b6 24. Rxd5 Re8 25. Qd7 Qf6 26. Qg4 1-0

[Event "Asian Continental op"]
[Site "Subic Bay PHI"]
[Date "2009.05.17"]
[Round "5"]
[White "Garcia, Jan"]
[Black "Yang, Kaiqi"]
[Result "1/2-1/2"]
[WhiteElo "2292"]
[BlackElo "2413"]
[PlyCount "97"]
[EventDate "2009.05.13"]
[EventType "swiss"]
[EventRounds "11"]
[EventCountry "PHI"]
[Source "Mark Crowther"]
[SourceDate "2009.05.18"]

1. c4 Nf6 2. g3 g6 3. Bg2 Bg7 4. Nc3 O-O 5. e3 d6 6. Nge2 e5 7. O-O h5 8. h3
Nbd7 9. d4 Re8 10. e4 exd4 11. Nxd4 c6 12. Re1 Qb6 13. Nc2 Ne5 14. b3 Nfd7 15.
Be3 Qa5 16. Ne2 Nf6 17. Nf4 Qc7 18. Nd3 Be6 19. f4 Nxd3 20. Qxd3 d5 21. e5 Ne4
22. cxd5 cxd5 23. Nd4 Qd7 24. Nxe6 Qxe6 25. Kh2 h4 26. gxh4 f6 27. Rad1 Rad8
28. Bxe4 dxe4 29. Qxe4 Rxd1 30. Rxd1 fxe5 31. fxe5 Bxe5+ 32. Kg2 b6 33. a4 Kg7
34. Bd4 Bxd4 35. Qxe6 Rxe6 36. Rxd4 a5 37. Kf3 Rc6 38. Ke4 Rc3 39. Rd3 Rxd3 40.
Kxd3 Kh6 41. Ke4 Kh5 42. Ke5 Kxh4 43. Kf6 Kh5 44. Kg7 Kg5 45. Kf7 Kh5 46. Kf6
Kh6 47. Kf7 Kh5 48. Kf6 Kh6 49. Ke7 1/2-1/2

[Event "Asian Continental op"]
[Site "Subic Bay PHI"]
[Date "2009.05.18"]
[Round "6"]
[White "Yang, Kaiqi"]
[Black "Jia, Haoxiang"]
[Result "1-0"]
[WhiteElo "2413"]
[BlackElo "2344"]
[PlyCount "57"]
[EventDate "2009.05.13"]
[EventType "swiss"]
[EventRounds "11"]
[EventCountry "PHI"]
[Source "Mark Crowther"]
[SourceDate "2009.05.25"]

1. e4 c5 2. Nf3 e6 3. b3 b6 4. d4 cxd4 5. Nxd4 Bb7 6. Bd3 a6 7. Bb2 Qc7 8. Nd2
Nf6 9. Qe2 Bb4 10. O-O Bxd2 11. Qxd2 Nxe4 12. Qe3 d5 13. f3 Nd6 14. Qg5 Nd7 15.
Rfe1 Nc5 16. b4 Nxd3 17. Nxe6 fxe6 18. Rxe6+ Kf7 19. Qxg7+ Kxe6 20. Qxc7 Rac8
21. Qg7 Rhg8 22. Qh6+ Rg6 23. Qh3+ Nf5 24. cxd3 Rc2 25. Re1+ Kd6 26. Be5+ Kc6
27. Qxf5 Rgxg2+ 28. Kh1 Kb5 29. d4 1-0

[Event "Asian Continental op"]
[Site "Subic Bay PHI"]
[Date "2009.05.19"]
[Round "7"]
[White "Pak, E."]
[Black "Yang, Kaiqi"]
[Result "1-0"]
[WhiteElo "2328"]
[BlackElo "2413"]
[PlyCount "113"]
[EventDate "2009.05.13"]
[EventType "swiss"]
[EventRounds "11"]
[EventCountry "PHI"]
[Source "Mark Crowther"]
[SourceDate "2009.05.25"]

1. c4 Nf6 2. Nc3 c5 3. g3 e6 4. Bg2 Nc6 5. e4 d5 6. exd5 exd5 7. Nxd5 Nxd5 8.
Bxd5 Nb4 9. Be4 Nd3+ 10. Bxd3 Qxd3 11. Qe2+ Qxe2+ 12. Nxe2 Bd6 13. d3 Bf5 14.
Bf4 O-O-O 15. O-O-O Bg4 16. Rhe1 Bxf4+ 17. gxf4 Rhe8 18. Kd2 Re4 19. Rc1 Bxe2
20. Rxe2 Rxf4 21. Rc3 Rd6 22. Ra3 a6 23. Ra5 Rc6 24. a3 Rf3 25. Kc3 Kd7 26. b4
Rd6 27. Rd2 cxb4+ 28. axb4 Rh3 29. Rg5 g6 30. c5 Rf6 31. Rg2 Rhf3 32. Kc4 h5
33. d4 h4 34. Rg4 h3 35. Rg3 Rxg3 36. fxg3 Rf1 37. g4 Rc1+ 38. Kd5 Rb1 39. Rd3
Rxb4 40. Rxh3 a5 41. Rf3 Ke7 42. Ra3 a4 43. h4 f6 44. Ra1 Kf7 45. Ra2 Ke7 46.
h5 gxh5 47. gxh5 Kf7 48. Rg2 Rb3 49. h6 a3 50. Kd6 Rb1 51. d5 Rh1 52. Kc7 Rh5
53. Kxb7 Rxd5 54. c6 Rb5+ 55. Ka6 Rb2 56. c7 a2 57. Rg7+ 1-0

[Event "Asian Continental op"]
[Site "Subic Bay PHI"]
[Date "2009.05.20"]
[Round "8"]
[White "Yang, Kaiqi"]
[Black "Causo, Deniel"]
[Result "0-1"]
[WhiteElo "2413"]
[BlackElo "2367"]
[PlyCount "58"]
[EventDate "2009.05.13"]
[EventType "swiss"]
[EventRounds "11"]
[EventCountry "PHI"]
[Source "Mark Crowther"]
[SourceDate "2009.05.25"]

1. e4 d5 2. exd5 Nf6 3. c4 c6 4. d4 cxd5 5. Nc3 e6 6. Nf3 Be7 7. cxd5 exd5 8.
Bb5+ Nbd7 9. Qb3 O-O 10. O-O Nb6 11. a4 Be6 12. a5 Nc8 13. Bd3 b6 14. Ne5 bxa5
15. Qb5 Bb4 16. Bg5 Nd6 17. Qa4 Nde8 18. Rfc1 Qb6 19. Ne2 Rc8 20. Rxc8 Bxc8 21.
Rc1 Bb7 22. Nd7 Nxd7 23. Qxd7 h6 24. Bd8 Qd6 25. Qxb7 Qxd8 26. Qxa7 Nf6 27. g3
Qd6 28. Qb7 Qb8 29. Qd7 Nxd7 0-1

[Event "Asian Continental op"]
[Site "Subic Bay PHI"]
[Date "2009.05.21"]
[Round "9"]
[White "Novita, Anjas"]
[Black "Yang, Kaiqi"]
[Result "0-1"]
[WhiteElo "2345"]
[BlackElo "2413"]
[PlyCount "112"]
[EventDate "2009.05.13"]
[EventType "swiss"]
[EventRounds "11"]
[EventCountry "PHI"]
[Source "Mark Crowther"]
[SourceDate "2009.05.25"]

1. e4 e5 2. Nf3 Nc6 3. Bb5 a6 4. Ba4 Nf6 5. O-O Be7 6. Re1 b5 7. Bb3 O-O 8. h3
Bb7 9. c3 d5 10. d3 Na5 11. Bxd5 Nxd5 12. exd5 Qxd5 13. Rxe5 Qd7 14. Re1 Rad8
15. b4 Nc4 16. d4 Rfe8 17. Nbd2 Bd6 18. a4 Re6 19. Rxe6 Qxe6 20. axb5 axb5 21.
Qf1 Nxd2 22. Bxd2 Bxf3 23. gxf3 Qf5 24. Qg2 Qc2 25. Qg5 Re8 26. Qxb5 Kf8 27.
Re1 Rxe1+ 28. Bxe1 Qd1 29. Qf1 Qxf3 30. c4 Qf4 31. Qd3 Qc1 32. Qc3 Qg5+ 33. Kf1
h5 34. c5 Bf4 35. Qf3 Qf5 36. d5 g5 37. d6 cxd6 38. Qa8+ Kg7 39. Bc3+ f6 40.
Qb7+ Kg6 41. Qf3 dxc5 42. bxc5 g4 43. hxg4 hxg4 44. Qe2 g3 45. Qe8+ Kg5 46. Kg2
Qd5+ 47. Kf1 Qd3+ 48. Kg2 Qxc3 49. Qg8+ Kf5 50. fxg3 Be5 51. Kh3 Ke4 52. Qg4+
Kd5 53. c6 Qxc6 54. Qf3+ Kd6 55. Qxc6+ Kxc6 56. Kg4 Bc7 0-1

[Event "Asian Continental op"]
[Site "Subic Bay PHI"]
[Date "2009.05.22"]
[Round "10"]
[White "Yang, Kaiqi"]
[Black "Yu, Lie"]
[Result "1/2-1/2"]
[WhiteElo "2413"]
[BlackElo "2307"]
[PlyCount "80"]
[EventDate "2009.05.13"]
[EventType "swiss"]
[EventRounds "11"]
[EventCountry "PHI"]
[Source "Mark Crowther"]
[SourceDate "2009.05.25"]

1. e4 c5 2. Nf3 Nc6 3. d4 cxd4 4. Nxd4 Nf6 5. Nc3 e5 6. Ndb5 d6 7. Bg5 a6 8.
Na3 b5 9. Bxf6 gxf6 10. Nd5 f5 11. Bd3 Be6 12. O-O Bxd5 13. exd5 Ne7 14. c3 Bg7
15. Qh5 e4 16. Bc2 O-O 17. Rae1 Qc8 18. Kh1 Rb8 19. g4 b4 20. cxb4 Bxb2 21.
Qg5+ Ng6 22. gxf5 Bxa3 23. fxg6 fxg6 24. Bxe4 Rb7 25. Rb1 Rff7 26. Rfd1 Qf8 27.
Rb3 Bxb4 28. Rdb1 a5 29. a3 Rbe7 30. f3 Re5 31. Qg4 Bc5 32. Rb8 Re8 33. Rxe8
Qxe8 34. h4 Kh8 35. h5 gxh5 36. Qxh5 Qg8 37. Rb8 Qxb8 38. Qxf7 Qg8 39. Qf6+ Qg7
40. Qd8+ Qg8 1/2-1/2

[Event "Asian Continental op"]
[Site "Subic Bay PHI"]
[Date "2009.05.23"]
[Round "11"]
[White "Nguyen Hoang Nam1"]
[Black "Yang, Kaiqi"]
[Result "0-1"]
[WhiteElo "2281"]
[BlackElo "2413"]
[PlyCount "50"]
[EventDate "2009.05.13"]
[EventType "swiss"]
[EventRounds "11"]
[EventCountry "PHI"]
[Source "Mark Crowther"]
[SourceDate "2009.05.25"]

1. e4 e5 2. Nf3 Nc6 3. Bb5 a6 4. Ba4 Nf6 5. O-O Be7 6. Re1 b5 7. Bb3 O-O 8. c3
d5 9. exd5 Nxd5 10. Nxe5 Nxe5 11. Rxe5 c6 12. d4 Bd6 13. Re1 Qh4 14. g3 Qh3 15.
Re4 g5 16. Qe2 Bf5 17. Nd2 Nf6 18. f3 Rae8 19. Rxe8 Rxe8 20. Ne4 Nxe4 21. fxe4
Rxe4 22. Qf2 Bxg3 23. hxg3 Rg4 24. Bxf7+ Kg7 25. Bd5 cxd5 0-1

[Event "Singapore Masters"]
[Site "Singapore SIN"]
[Date "2008.12.10"]
[Round "2"]
[White "Chan Yi Ren, Daniel"]
[Black "Yang, Kaiqi"]
[Result "1-0"]
[WhiteElo "2260"]
[BlackElo "2429"]
[PlyCount "139"]
[EventDate "2008.12.10"]
[EventType "swiss"]
[EventRounds "9"]
[EventCountry "SIN"]
[Source "ChessBase"]
[SourceDate "2009.01.08"]

1. e4 c5 2. Ne2 Nc6 3. Nbc3 Nf6 4. d4 cxd4 5. Nxd4 d6 6. Bc4 Bd7 7. f3 Qb6 8.
Nb3 g6 9. Bg5 Be6 10. Bxf6 exf6 11. Nd5 Qd8 12. Nd4 Bh6 13. Nxe6 fxe6 14. Nc3
Ke7 15. O-O Qb6+ 16. Kh1 Qd4 17. Qe2 Qd2 18. Qxd2 Bxd2 19. Nb5 Ba5 20. Rad1
Rhd8 21. Nd4 Nxd4 22. Rxd4 Rac8 23. Bb3 b5 24. f4 Bb6 25. Rd3 a5 26. Rh3 Rh8
27. c3 Rc5 28. g4 a4 29. Bc2 g5 30. e5 dxe5 31. fxg5 fxg5 32. Rhf3 Rc4 33. Rf7+
Kd6 34. Rd1+ Kc6 35. Re7 Rxg4 36. Rxe6+ Kb7 37. Rxe5 Rd8 38. Rde1 Rd2 39. Be4+
Ka6 40. b4 Rxa2 41. Re7 Rxe4 42. R1xe4 Rc2 43. Rxh7 Rxc3 44. Re6 Rc8 45. Rhh6
Rb8 46. Kg2 Ka7 47. Reg6 a3 48. Rh3 Rd8 49. Rxa3+ Kb7 50. Rg7+ Kb8 51. Rxg5
Rd2+ 52. Kh3 Bc7 53. Rxb5+ Kc8 54. Kg4 Bxh2 55. Kf5 Rf2+ 56. Ke4 Re2+ 57. Kd4
Bg1+ 58. Kc4 Rc2+ 59. Kb3 Kc7 60. Ka4 Rc4 61. Rg5 Bf2 62. Kb5 Rf4 63. Rd3 Rf7
64. Rh5 Rg7 65. Rf3 Bd4 66. Rfh3 Rg1 67. Ra3 Rg4 68. Rh7+ Kb8 69. Rf3 Rg8 70.
Rhf7 1-0

[Event "Singapore Masters"]
[Site "Singapore SIN"]
[Date "2008.12.11"]
[Round "4"]
[White "Chan Wei Xuan, Timothy"]
[Black "Yang, Kaiqi"]
[Result "1/2-1/2"]
[WhiteElo "2264"]
[BlackElo "2429"]
[PlyCount "64"]
[EventDate "2008.12.10"]
[EventType "swiss"]
[EventRounds "9"]
[EventCountry "SIN"]
[Source "ChessBase"]
[SourceDate "2009.01.08"]

1. e4 c5 2. Nf3 d6 3. Bb5+ Nc6 4. O-O Bd7 5. Re1 a6 6. Bxc6 Bxc6 7. d4 cxd4 8.
Nxd4 Nf6 9. Nxc6 bxc6 10. Qf3 e5 11. Nd2 Be7 12. Nc4 O-O 13. Bd2 Re8 14. Rad1
Ra7 15. Bb4 Rd7 16. Qc3 d5 17. exd5 Bxb4 18. Qxb4 Rxd5 19. Ne3 Rd4 20. Qc5 Ng4
21. Rd3 Rxd3 22. cxd3 Nxe3 23. Rxe3 Qd5 24. Qc4 a5 25. f4 f6 26. fxe5 Qxc4 27.
dxc4 Kf7 28. Kf2 Rxe5 29. Rxe5 fxe5 30. Ke3 Ke6 31. Ke4 c5 32. g4 g6 1/2-1/2

[Event "Singapore Masters"]
[Site "Singapore SIN"]
[Date "2008.12.12"]
[Round "5"]
[White "Yang, Kaiqi"]
[Black "Le Quang, Long"]
[Result "1/2-1/2"]
[WhiteElo "2429"]
[BlackElo "2252"]
[PlyCount "115"]
[EventDate "2008.12.10"]
[EventType "swiss"]
[EventRounds "9"]
[EventCountry "SIN"]
[Source "ChessBase"]
[SourceDate "2009.01.08"]

1. e4 c5 2. Nc3 d6 3. Nge2 Nf6 4. d4 cxd4 5. Nxd4 g6 6. Be3 Bg7 7. f3 O-O 8.
Qd2 Nc6 9. Bc4 Bd7 10. Bb3 Rc8 11. O-O-O Ne5 12. Kb1 Nc4 13. Bxc4 Rxc4 14. g4
Qc7 15. g5 Nh5 16. Nd5 Qd8 17. Ne2 Be6 18. b3 Rc8 19. Bd4 Bxd5 20. exd5 Qd7 21.
Ng3 Qh3 22. Nxh5 Qxh5 23. Qe3 Bxd4 24. Rxd4 Qh3 25. Rg4 Rc5 26. Qe4 Rfc8 27. c4
b5 28. cxb5 Rxb5 29. Rgg1 Rc3 30. Qxe7 Qf5+ 31. Ka1 Rxd5 32. Rc1 Qc8 33. Kb1
Rd2 34. Qf6 Rxh2 35. Rxc3 Rxh1+ 36. Kb2 Qe6 37. Qxe6 fxe6 38. Rc8+ Kf7 39. Rc7+
Ke8 40. Rxa7 Rh5 41. f4 e5 42. fxe5 dxe5 43. b4 Rxg5 44. Rxh7 Rg2+ 45. Kb3 Rg3+
46. Kc4 Ra3 47. Rh2 e4 48. b5 e3 49. Re2 Kd7 50. Kb4 Rd3 51. a4 Kd6 52. a5 Rd4+
53. Kc3 Re4 54. a6 Kc5 55. Kd3 Ra4 56. Rb2 Ra3+ 57. Ke2 Kb6 58. Kf3 1/2-1/2

[Event "Singapore op"]
[Site "Singapore SIN"]
[Date "2008.12.10"]
[Round "1"]
[White "Yang, Kaiqi"]
[Black "Chua Zheng Yuan, Terry"]
[Result "0-1"]
[WhiteElo "2429"]
[BlackElo "2139"]
[PlyCount "96"]
[EventDate "2008.12.10"]
[EventType "swiss"]
[EventRounds "9"]
[EventCountry "SIN"]

1. e4 c5 2. Nc3 Nc6 3. Nf3 Nd4 4. Bc4 e6 5. O-O Ne7 6. Nxd4 cxd4 7. Nb5 Nc6 8.
c3 Bc5 9. b4 Be7 10. Nxd4 Nxd4 11. cxd4 d5 12. exd5 exd5 13. Bb5+ Bd7 14. Bxd7+
Qxd7 15. Qb3 O-O 16. d3 Rac8 17. Bf4 Rc6 18. b5 Rg6 19. Rac1 h5 20. Rc7 Qg4 21.
Qxd5 Rd8 22. Qxb7 Rxd4 23. Qc8+ Bd8 24. Qxg4 Rxg4 25. Be5 Bxc7 26. Bxc7 Rxd3
27. b6 axb6 28. Bxb6 Ra4 29. g3 Rxa2 30. Rc1 Kh7 31. Kg2 g5 32. h3 Kg6 33. Bc5
f6 34. Bb6 Ra6 35. Be3 Rad6 36. Rc8 Rd8 37. Rc6 R3d6 38. Rc4 Rd1 39. h4 g4 40.
Rf4 R8d3 41. Bc5 Rc1 42. Bd4 Rdd1 43. f3 Rc4 44. Be3 Rxf4 45. Bxf4 Kf5 46. Kf2
Ra1 47. fxg4+ Kxg4 48. Bc7 Ra2+ 0-1

[Event "Singapore op"]
[Site "Singapore SIN"]
[Date "2008.12.11"]
[Round "3"]
[White "Yang, Kaiqi"]
[Black "Nguyen Quynh Anh"]
[Result "1-0"]
[WhiteElo "2429"]
[BlackElo "2119"]
[PlyCount "127"]
[EventDate "2008.12.10"]
[EventType "swiss"]
[EventRounds "9"]
[EventCountry "SIN"]

1. e4 c5 2. Nf3 d6 3. d4 cxd4 4. Nxd4 Nf6 5. Nc3 e6 6. Bc4 a6 7. Bb3 Qc7 8. O-O
b5 9. Re1 Be7 10. Qf3 O-O 11. Qg3 Re8 12. a3 Nc6 13. Nxc6 Qxc6 14. Bh6 Bf8 15.
Bg5 Nd7 16. Rad1 Bb7 17. Bf4 e5 18. Bg5 Nb6 19. Rd3 Nc4 20. Nd5 Re6 21. Rc3 Rc8
22. Qh4 Rg6 23. Be7 Rh6 24. Qg5 Rg6 25. Qh4 Rh6 26. Qg4 Rg6 27. Qf5 Qe8 28.
Bxf8 Bxd5 29. exd5 Kxf8 30. Bxc4 Rxc4 31. Rxc4 bxc4 32. Re4 Rf6 33. Qh3 Rh6 34.
Qc3 Qb5 35. Qxc4 Qxb2 36. Qc8+ Ke7 37. Qc7+ Ke8 38. Re1 Rf6 39. Qc8+ Ke7 40.
Qxa6 Qxc2 41. Qa7+ Kf8 42. h3 Rf4 43. Qb8+ Ke7 44. Rxe5+ dxe5 45. Qxe5+ Kf8 46.
Qxf4 Qd1+ 47. Kh2 Qxd5 48. a4 Qa5 49. g3 g5 50. Qd4 Kg8 51. h4 gxh4 52. Qxh4
Qe5 53. Qg4+ Kf8 54. Qf3 Kg7 55. Kg2 Qa5 56. Qc6 f6 57. Qb5 Qa8+ 58. Kg1 Qe4
59. a5 Qe1+ 60. Kg2 Qe4+ 61. Kh2 f5 62. a6 Qc2 63. Qb7+ Kg6 64. Qg2 1-0

[Event "Singapore op"]
[Site "Singapore SIN"]
[Date "2008.12.12"]
[Round "6"]
[White "Mercado, Levi"]
[Black "Yang, Kaiqi"]
[Result "1-0"]
[WhiteElo "2257"]
[BlackElo "2429"]
[PlyCount "103"]
[EventDate "2008.12.10"]
[EventType "swiss"]
[EventRounds "9"]
[EventCountry "SIN"]

1. Nf3 Nf6 2. d4 g6 3. e3 Bg7 4. c4 O-O 5. Be2 c5 6. O-O cxd4 7. Nxd4 Nc6 8.
Nc3 Nxd4 9. exd4 d5 10. c5 b6 11. b4 Ne4 12. Bb2 bxc5 13. Nxe4 dxe4 14. bxc5
Bb7 15. Qa4 Qc7 16. Rfd1 Rfd8 17. Bc3 Rd5 18. Rab1 Bc6 19. Qa6 e6 20. g3 h5 21.
Bc4 Rf5 22. Ba5 Qd7 23. Bb5 Bxb5 24. Qxb5 Qxb5 25. Rxb5 Rd5 26. Rdb1 Bxd4 27.
Rb8+ Rxb8 28. Rxb8+ Kg7 29. c6 Rxa5 30. c7 Be5 31. c8=Q Bxb8 32. Qxb8 Rxa2 33.
Qe5+ Kg8 34. Qxe4 Rd2 35. Qb4 Rd5 36. Qb8+ Kg7 37. Qxa7 Rf5 38. Kg2 Rd5 39. h3
Rf5 40. Qe7 Rd5 41. g4 hxg4 42. hxg4 Rb5 43. Kg3 Rd5 44. Kf4 Rb5 45. Ke3 Re5+
46. Kd4 Rd5+ 47. Kc4 g5 48. Qe8 Rd2 49. f3 Rd1 50. Qa8 Kh7 51. Qf8 Kg6 52. Qh8
1-0